Журналы и переписка Подготовительной комиссии для организации съезда уполномоченных дворянских обществ

Доступно только в Электронных читальных залах Найти на картеНа карте
RUSMARC
00003720nac2a22002531x 450
0017312cbfe-f161-4635-b673-b8a2303fcffd
00520131122213515.0
100##$a20130529l19061906k y0rusy50 ca
1010#$arus
102##$aRU
105##$ay z |||e|
1222#$ad19060413
$ad19060508
2001#$aЖурналы и переписка Подготовительной комиссии для организации съезда уполномоченных дворянских обществ
$j13 апреля - 8 мая 1906
215##$a78 листов
251##$cДело
300##$aЧасть текста рукописная, часть - машинописная и напечатана типографским способом
330##$aI. Материалы съездов объединенных дворянских обществ /1906-1917 гг./
461#0$1001b6db1e6b-efcc-4108-961b-a8f75be6354f
$12001
$aПостоянный совет объединенных дворянских обществ
$1251
$cФонд
$1852
$j434
462#0$1001376737bd-14a2-4097-a3d5-a02b2aa0e2d3
$12001
$aПостоянный совет объединенных дворянских обществ. 1906-1917 гг.
$1251
$cОпись
$1852
$j1
60102$3RU\NLR\AUTH\8810165427
$aПостоянный совет объединенных дворянских обществ
$cПетербург
60102$aПостоянный совет объединенных дворянских обществ. Подготовительная комиссия для организации съезда уполномоченных дворянских обществ
801#0$aRU
$bGA_RF
801#1$aRU
$bНПО Опыт
$c20130529
$2rusmarc
801#2$aRU
$bПБ им. Б.Н. Ельцина
$c20131122
$gRCR
$2rusmarc
852##$aГА РФ
$j3
937##$d41967646
$hПБ
035##$aRuPRLIB51005809
Формат отображения